Statystyki dla Kraje z Najwyższą Relacją Długu Publicznego do PKB

Kliknij tutaj aby rozwiązać quiz!

Ogólne statystyki

  • Ten quiz został rozwiązany 64 razy
  • Średni wynik to 14 z 40

Statystyki odpowiedzi

PozycjaWspółczynnik w %Nazwa Kraju% Poprawnych
13106,7%Stany Zjednoczone
85%
1899,2%Francja
79%
2490,36Brazylia
74%
1237,54%Japonia
74%
1995,96%Hiszpania
72%
3875,90%Argentyna
70%
4174,15%Grecja
70%
2985,67%Wielka Brytania
70%
6133,43%Włochy
70%
2214,45%Wenezuela
66%
2886,93%Egipt
61%
10119,46%Portugalia
59%
1799,57%Belgia
43%
3177,87%Sudan
41%
3777,00%Pakistan
39%
2590,19%Kongo
31%
5157,81%Liban
30%
12103,37%Singapur
30%
3181,55%Tunezja
30%
2788,01%Chorwacja
28%
3479,84%Dominika
23%
15101,04%Cypr
21%
9124,46%Mozambik
20%
3082,99%Sri Lanka
20%
2390,49%Angola
18%
7127,34%Erytrea
18%
2194,13%Jamajka
16%
3280,61%Mauretania
16%
3677,12%San Marino
16%
3380,50%Zambia
16%
2094,83%Jordania
13%
4072,37%Sierra Leone
13%
14103,85%Bhutan
10%
3578,67%Gambia
10%
16100,19%Bahrajn
8%
2292,64%Belize
8%
11117,27%Barbados
7%
2688,35%Antigua i Barbuda
5%
8125,29%Republika Zielonego Przylądka
5%
3974,10%Wyspy Świętego Tomasza i Książęca
3%

Rozkład punktacji

Percentyl według liczby udzielonych odpowiedzi

Procent ludzi z każdym wynikiem

Twoja historia wyników

Nie rozwiązałeś tego quizu